000
00363nam a2200157Ia 4500
008
170203s9999 xx 000 0 und d
020
_a
1586680722
050
_a
Fic
050
_b
.D261b 2001
100
_a
Davis, Guy
245
_a
Barney's Easter Parade /
260
_a
U.S.A :
260
_b
Lyrick Publishing,
260
_c
2001
300
_b
col. ill. ;
999
_c
306036
_d
306036